| 000 | 07687nam a22004097i 4500 | ||
|---|---|---|---|
| 999 |
_c65170 _d65170 |
||
| 001 | 768714001 | ||
| 003 | CO-MdFUSB | ||
| 005 | 20190829150950.0 | ||
| 008 | 190828t2012 -us |||| |||| 00| 0 eng d | ||
| 020 | _a9780802860972 | ||
| 040 |
_aCO-MdFUSB _bspa _cCO-MdFUSB _dCO-MdFUSBC _erda |
||
| 041 |
_aeng _hger |
||
| 082 |
_223 _a220.6082 _bF329 |
||
| 240 | _aKompendium feministische Bibelauslegung | ||
| 245 | 1 |
_aFeminist biblical interpretation : _ba compendiium of critical commentary on the books of the Bible and related literature. _c/ editado por Luise Schottroff ; Marie- Theres Wacker ; traducido por Lisa E. Dahill [y otros seis] |
|
| 264 | 1 |
_aEstados Unidos : _bWm. B. Eerdmans Publishing Company, _c[2012] |
|
| 264 | 4 | _c© 2012 | |
| 300 |
_axxv, 1030 páginas _c; 24 cm |
||
| 336 |
_2rdacontent _atexto _btxt |
||
| 337 |
_2rdamedia _asin mediación _bn |
||
| 338 |
_2rdacarrier _avolumen _bnc |
||
| 505 | _aGénesis 1-11: la historia primordial / Helen Schüngel-Straumann. -- Génesis 12-50: la historia de los orígenes de Israel como una historia de mujeres / Irmtraud Fischer. -- Éxodo: el significado de la liberación desde "su" perspectiva / Susanne Scholz. -- Levítico: el ABC de la creación / Gerburgis Feld. -- Números: en los límites / Ursula Rapp. -- Deuteronomio: derechos y justicia para las mujeres en la ley / Angelika Engelmann. -- Josué: tradición y justicia: participación de las mujeres en la herencia / Kerstin Ulrich. -- Jueces: mensajes codificados para mujeres / J. Cheryl Exum. -- Ruth: cruces fronterizos de dos mujeres en la sociedad patriarcal / Ina Johanne Petermann (Batmartha). -- Libros de Samuel: mujeres en el centro de la historia de Israel / Ilse Müllner. -- Libros de reyes: imágenes de mujeres sin realidad femenina / Kyung Sook Lee. -- Libros de crónicas: en el vestíbulo de las mujeres / Marie-Theres Wacker. -- Ezra y Nehemiah: el regreso de los demás / Christiane Karrer-Grube. -- Esther: sobre la resistencia contra el antisemitismo y el sexismo / Klara Butting. -- Job: cuestionando el libro de la víctima justa / Christl Maier y Silvia Schroer. -- Los Salmos: "quién habla puede ser lo único que importa" / Ulrike Bail - Proverbios: cómo nace la sabiduría femenina / Christl Maier. -- Qoheleth (Eclesiastés): hombre solo, sin mujer / Kumiko Kato. -- Canción de canciones: polifonía del amor / Athalya Brenner. -- | ||
| 505 | 0 | _aIsaías: el libro de las metáforas femeninas / Irmtraud Fischer - Jeremías: cuando las mujeres sabias que lloran y la pornografía profética muestran el camino al exilio / Angela Bauer-Levesque - Lamentaciones: El grito de Sión en la aflicción / Maria Häusl. -- Ezequiel: profecía masculina con imágenes femeninas / Renate Jost y Elke Seifert. -- Daniel: no contando mujeres y niños / Ilse von Loewenclau. -- Oseas: el hombre identificado por Dios y la mujer (mujeres) Israel / Marie-Theres Wacker. -- Joel: la justificación de Dios / Marie-Theres Wacker. -- Amos: la verdad es concreta / Marie-Theres Wacker. -- Abdías: hermano Edom / Marie-Theres Wacker. -- Jonás: la experiencia de Jonás: ¿también para las mujeres? / Maria Kassel. -- Micah: llamado a la justicia: esperanza para todos / Sophia Bietenhard. -- Nahum: el Dios justo como depredador sexual / Gerlinde Baumann. -- Habacuc: una oración nocturna política / Ulrike Bail. -- Sofonías: o, la triple Jerusalén / Ulrike Bail. -- Hageo y Zacarías: un nuevo templo: una nueva vida para todos / Beate Schmidtgen - Malaquías: ¿para la gloria de Dios, el Padre? / Marie-Theres Wacker. 1 Macabeos: la existencia de las mujeres en los bordes del texto / Claudia Rakel. -- 2 Macabeos: la enseñanza de la historia / Christine Gerber. -- Tobit: una lección de matrimonio y familia en la diáspora / Helen Schüngel-Straumann. -- Judith: sobre una belleza quién no es lo que pretende ser / Claudia Rakel. -- Baruch: correo de costas lejanas / Marie-Theres Wacker. -- Sirach (Ecclesiasticus): sobre la difícil relación entre la sabiduría divina y las mujeres reales en un documento androcéntrico / Angelika Strotmann. -- Sabiduría: un ejemplo de teología intercultural judía / Silvia Schroer. -- 4 Ezra: sobre la lucha por una nueva vida, el tiempo que se está cumpliendo y la transformación de la tierra (2 Esdras 3-14) / Luzia Sutter Rehmann. -- Joseph y Aseneth: novia perfecta o profetisa celestial / Angela Standhartinger - Testamento de Job: Job, Dinah y sus hijas / Luzia Sutter Rehmann. -- Testamentos de los Doce Patriarcas: cómo los hombres usan el poder / Renate Kirchhoff. Evangelio de Mateo: iglesias judeo-cristianas en oposición a la Pax Romana / Martina S. Gnadt - Evangelio de Marcos: las mujeres como verdaderas discípulas de Jesús / Monika Fander. -- Evangelio de Lucas: los humildes serán levantados / Claudia Janssen y Regene Lamb. -- Evangelio de Juan: espacios para mujeres / Ruth Habermann. -- Hechos de los Apóstoles: mirando hacia adelante y mirando hacia atrás / Ivoni Richter Reimer. -- Romanos: una lectura feminista / Elsa Tamez. -- 1 Corintios: cómo llega la libertad / Luise Schottroff. -- 2 Corintios: sacrificando la diferencia por la unidad / Carline Vander Stichele. -- Gálatas: en malestar por el género y otros problemas de alteridad / Brigitte Kahl - Efesios: espíritu comunitario y valores conservadores como estrategias de supervivencia en las iglesias de Asia Menor / Helga Melzer-Keller. -- Filipenses: levantar a los que han sido humillados / Sheila Briggs. -- Colosenses: el origen de la mesa de las tareas domésticas / Angela Standhartiger. -- 1 Tesalonicenses: oponerse a la muerte al construir una comunidad / Jutta Bickmann. -- 2 Tesalonicenses: esperanza en el justo de Dios juicio / Marlene Crüsemann. -- Epístolas pastorales: un Paul domesticado: mujeres domesticadas / Ulrike Wagener. -- Filemón: una lectura bajo los ojos críticos de Apphia / Sabine Bieberstein - Hebreos: extraños en el mundo / Ulrike Wagener. -- James: conflicto sobre el camino de justicia / Irene Dannemann. -- 1 Peter: estrategias de supervivencia para comunidades afectadas / Irene Foulkes. -- 2 Peter: guías para la vida santa / Irene Foulkes - Cartas de John / Kerstin Ruoff . -- Jude: las implicaciones de la lectura feminista / Ruth Anne Reese - Revelación: inspiraciones de Patmos / Luzia Sutter Rehmann. -- La historia de Thecla: apóstol entre ficción y realidad / Anne Jensen. -- Actos de Xanthippe , Polyxena y Rebecca: o tres mujeres y dos leonas / Irene Dannemann. -- Evangelio de María: María Magdalena como discípula amada y representante de Jesús / Judith Hartenstein y Silke Petersen. -- Evangelio de Tomás: primeras tradiciones cristianas sobre mujeres discípulas de Jesús: o, María Magdalena se convierte en hombre / Judith Hartenstein y Silke Petersen. -- Pastor de Hermas: siendo atraído a la conversión en la iglesia erótica de Sophia / Ulrike Auga - Evangelio de Pedro: una discípula del Señor y sus amigas / Caroline Vander Stichele. -- Protevangelium of James: La historia de Dios continúa / Bettina Eltrop y Claudia Janssen. | |
| 563 | _aRústico. | ||
| 650 | 7 |
_9450 _aBiblia y feminismo |
|
| 700 |
_92313 _aSchottroff, Luise. _eeditor |
||
| 700 |
_92314 _aWacker, Theres. _eeditor |
||
| 700 |
_92315 _aDahill, Lisa E. _etraductor |
||
| 700 |
_92316 _aKalin, Everett R. _etraductor |
||
| 700 |
_92318 _aLukens, Nancy. _etraductor |
||
| 700 | 1 |
_9467 _aMaloney, Linda M. _d1954- _etraductor |
|
| 700 |
_92319 _aRumscheidt, Barbara. _etraductor |
||
| 700 |
_92320 _aRumscheidt, Martin. _etraductor |
||
| 700 |
_92321 _aSteiner, Tina. _etraductor |
||
| 942 | _cBK | ||
| 945 | _aJTF-925 | ||